Statistics for Top 50 NBA Players of the 2010s

Click here to take the quiz!

General Stats

  • This quiz has been taken 324 times
  • The average score is 44 of 50

Answer Stats

RankTeamAnswer% Correct
5RocketsJames Harden
100%
2ThunderKevin Durant
100%
1CavaliersLeBron James
100%
3WarriorsStephen Curry
100%
11BucksGiannis Antetokounmpo
99%
4SpursKawhi Leonard
99%
6ThunderRussell Westbrook
99%
17PelicansAnthony Davis
98%
T7ClippersChris Paul
98%
T13MavericksDirk Nowitzki
98%
15WarriorsDraymond Green
98%
T7HeatDwyane Wade
98%
21WarriorsKlay Thompson
98%
12CavaliersKyrie Irving
98%
9PacersPaul George
98%
10SpursTim Duncan
98%
24TrailblazersDamian Lillard
97%
48SpursDanny Green
97%
20CavaliersKevin Love
97%
T13ClippersBlake Griffin
96%
16LakersKobe Bryant
95%
18MagicDwight Howard
93%
22GrizzliesMarc Gasol
93%
34BullsDerrick Rose
92%
T31WizardsJohn Wall
92%
23LakersPau Gasol
92%
T31SpursTony Parker
92%
25HeatChris Bosh
90%
19BullsJimmy Butler
90%
T26RaptorsKyle Lowry
90%
49RaptorsDeMar DeRozan
89%
45WizardsBradley Beal
88%
T36KnicksCarmelo Anthony
88%
28SpursManu Ginobili
88%
T29TrailblazersLaMarcus Aldridge
86%
35NuggetsNikola Jokic
86%
33JazzRudy Gobert
82%
43CelticsPaul Pierce
81%
38ClippersDeAndre Jordan
78%
50KingsDeMarcus Cousins
77%
T36CelticsKevin Garnett
76%
T29HawksAl Horford
75%
T26WarriorsAndre Iguodala
74%
T41GrizzliesMike Conley
74%
44BullsJoakim Noah
71%
39CelticsRajon Rondo
71%
47SunsSteve Nash
70%
T41ThunderSerge Ibaka
69%
40JazzPaul Millsap
54%
46KnicksTyson Chandler
32%

Score Distribution

Percentile by Number Answered

Percent of People with Each Score

Your Score History

You have not taken this quiz